000 00484nam a2200169Ia 4500
003 IN-BaIIA
008 211028s9999 xx 000 0 eng d
020 _a81-7371-366-9
040 _cIIA Library
080 _a51
_bBAN
100 _aBanks, Robert B
_935740
245 0 _aSlicing pizzas, racing turtles and future adventures in applied mathematics
_cRobert B. Banks
260 _aHyderabad
_bUniversities Press
_c2001
300 _a286p.
650 _aMathematics
_982
942 _cBK
999 _c18662
_d18662